Normal view
MARC view
Entry Topical Term
001 - CONTROL NUMBER
- control field: 10509
003 - CONTROL NUMBER IDENTIFIER
- control field: ARRUPE
005 - DATE AND TIME OF LATEST TRANSACTION
- control field: 20140530125628.0
008 - FIXED-LENGTH DATA ELEMENTS
- fixed length control field: 140530|| aca||aabn | a|a d
040 ## - CATALOGING SOURCE
- Original cataloging agency: ARRUPE
- Transcribing agency: ARRUPE
150 ## - HEADING--TOPICAL TERM
- Topical term or geographic name as entry element: Greece -Civilization
- General subdivision: Egyptian influences
- General subdivision: Phoenician influences
- General subdivision: Greece- civilisation
- General subdivision: To 146 B.C
670 ## - SOURCE DATA FOUND
- Source citation: Work cat.: (ARRUPE): Lefkowit,Mary R. 10508, Black athena, 1996